| 000 | 00554nam a2200181 i 4500 | ||
|---|---|---|---|
| 001 | 96908 | ||
| 003 | ES-MaACL | ||
| 005 | 20250316204110.0 | ||
| 007 | t| | ||
| 008 | 050704s1931 fr ||||1| fre d | ||
| 100 | 0 |
_aMann, Thomas, _d1875-1955 _976055 |
|
| 245 | 1 | 3 |
_aLa montagne magique = (Der Zauberberg) / _cThomas Mann; roman traduit de l'allemand par Maurice Betz. |
| 260 |
_aParis : _bA. Fayard, _c1931. |
||
| 300 |
_a2 v. ; _c23 cm. |
||
| 700 | 1 |
_aBetz, Maurice. _928695 |
|
| 852 |
_aES-MaACL _jA-1348-49 |
||
| 999 |
_c96908 _d96908 |
||